120 Women Directors - Statistics

General Stats
  • This quiz has been taken 42 times
    38 since last reset
  • The average score is 33 of 120
Answer Stats
Films directed Answer % Correct
Near Dark, Point Break, Strange Days, The Hurt Locker Kathryn Bigelow
96%
Lost in Translation, Marie Antoinette, The Beguiled, Priscilla Sofia Coppola
96%
Palo Alto, The Last Showgirl Gia Coppola
93%
Lady Bird, Little Women (2019), Barbie Greta Gerwig
93%
Sweetie, An Angel at My Table, The Piano, Bright Star Jane Campion
81%
Cléo from 5 to 7, Le Bonheur, Vagabond Agnès Varda
74%
The Rider, Nomadland, Eternals Chloé Zhao
74%
Jeanne Dielman, 23 quai du Commerce, 1080 Bruxelles Chantal Akerman
67%
Bound, The Matrix movies, Cloud Atlas Lana and Lilly Wachowski
67%
Beau Travail, High Life, Stars at Noon Claire Denis
63%
Girlhood, Portrait of a Lady on Fire, Petite Maman Céline Sciamma
59%
Yentl, The Prince of Tides, The Mirror Has Two Faces Barbra Streisand
56%
Sleepless in Seattle, You’ve Got Mail Nora Ephron
56%
Monster, Wonder Woman Patty Jenkins
56%
Slums of Beverly Hills, The Savages, Private Life Tamara Jenkins
56%
Revenge, The Substance Coralie Fargeat
52%
The Heartbreak Kid, Mikey and Nicky Elaine May
52%
Charlie’s Angels (2019), Cocaine Bear Elizabeth Banks
52%
Meek’s Cutoff, Night Moves, Certain Women, First Cow Kelly Reichardt
48%
Let’s Talk About Men, Love and Anarchy, Seven Beauties Lina Wertmüller
48%
Red Road, Fish Tank, American Honey, Bird Andrea Arnold
44%
Promising Young Woman, Saltburn Emerald Fennell
44%
Little Man Tate, Home for the Holidays, Money Monster Jodie Foster
44%
We Need to Talk About Kevin, You Were Never Really Here Lynne Ramsay
44%
Booksmart, Don’t Worry Darling Olivia Wilde
44%
Fast Times at Ridgemont High, Clueless Amy Heckerling
41%
Thirteen, The Nativity Story, Twilight, Miss You Already Catherine Hardwicke
41%
Shiva Baby, Bottoms Emma Seligman
41%
Big, Awakenings, A League of Their Own Penny Marshall
41%
Middle of Nowhere, Selma, A Wrinkle in Time, Origin Ava DuVernay
37%
I Shot Andy Warhol, American Psycho, The Notorious Bettie Page Mary Harron
37%
The Babadook, The Nightingale Jennifer Kent
33%
Age of Panic, Sibyl, Anatomy of a Fall Justine Triet
33%
La Ciénaga, The Holy Girl, The Headless Woman, Zama Lucrecia Martel
33%
Little Woods, Candyman (2021), The Marvels Nia DaCosta
33%
Nowhere Boy, Back to Black Sam Taylor-Johnson
33%
Away from Her, Take This Waltz, Women Talking Sarah Polley
33%
The Wonders, Happy as Lazzaro, La Chimera Alice Rohrwacher
30%
Unbroken, By the Sea, First They Killed My Father Angelina Jolie
30%
Party Girl, Madeline, The Guru, Some Girl(s) Daisy von Scherler Mayer
30%
Instinct, Bodies Bodies Bodies, Babygirl Halina Reijn
30%
Raw, Titane Julia Ducournau
30%
Wayne’s World, Black Sheep, Senseless Penelope Spheeris
30%
A Girl Walks Home Alone at Night, The Bad Batch Ana Lily Amirpour
26%
Dead Pigs, Birds of Prey Cathy Yan
26%
Frozen, Frozen 2 Jennifer Lee
26%
Illusions, Daughters of the Dust Julie Dash
26%
Girlfight, Jennifer’s Body, Destroyer Karyn Kusama
26%
Tiny Furniture, Sharp Stick, Catherine Called Birdy Lena Dunham
26%
Goodbye First Love, Eden, Bergman Island Mia Hansen-Løve
26%
The Parent Trap, The Holiday, It’s Complicated, The Intern Nancy Meyers
26%
Orlando, Ginger & Rosa, The Party Sally Potter
26%
CB4, Billy Madison, Half Baked, Crossroads Tamra Davis
26%
The Intervention, Happiest Season Clea DuVall
22%
It Felt Like Love, Beach Rats, Never Rarely Sometimes Always Eliza Hittman
22%
My Brilliant Career, Little Women (1994), Oscar and Lucinda Gillian Armstrong
22%
Outrage, The Bigamist, The Trouble with Angels Ida Lupino
22%
Posthumous, The Farewell Lulu Wang
22%
After the Wedding, Serena, Bird Box Susanne Bier
22%
Saving Face, The Half of It Alice Wu
19%
Gas Food Lodging, Mi Vida Loca, Grace of My Heart Allison Anders
19%
Romance, Fat Girl, Brief Crossing, Last Summer Catherine Breillat
19%
Down to the Bone, Winter’s Bone, Leave No Trace Debra Granik
19%
Nana, The Bride Wore Red, Dance, Girl, Dance Dorothy Arzner
19%
Unrelated, Archipelago, The Souvenir Joanna Hogg
19%
The Edge of Seventeen, Are You There God? It's Me, Margaret. Kelly Fremon Craig
19%
Whale Rider, North Country, The Zookeeper's Wife, Mulan Niki Caro
19%
Tallulah, CODA Sian Heder
19%
Europa Europa, The Secret Garden, Washington Square Agnieszka Holland
15%
Guinevere, Under the Tuscan Sun Audrey Wells
15%
The Brady Bunch Movie, Private Parts, Dr. Dolittle, 28 Days Betty Thomas
15%
Appropriate Behavior, The Miseducation of Cameron Post Desiree Akhavan
15%
Bao, Turning Red Domee Shi
15%
Love & Basketball, The Old Guard, The Woman King Gina Prince-Bythewood
15%
Bend It Like Beckham, Bride and Prejudice, Blinded by the Light Gurinder Chadha
15%
Gregory Go Boom, Lemon, Zola Janicza Bravo
15%
The Assistant, The Royal Hotel Kitty Green
15%
High Art, Laurel Canyon, The Kids Are All Right Lisa Cholodenko
15%
An Education, One Day, Their Finest Lone Scherfig
15%
Seeking a Friend for the End of the World, The Meddler, Hustlers Lorene Scafaria
15%
The Peacemaker, Deep Impact, On the Basis of Sex Mimi Leder
15%
Mississippi Masala, The Namesake, Queen of Katwe Mira Nair
15%
Smithereens, Desperately Seeking Susan, She-Devil Susan Seidelman
15%
A Fool and His Money, Making an American Citizen Alice Guy-Blaché
11%
The Fits, God’s Creatures Anna Rose Holmer
11%
Priest, Ravenous, The Hamburg Cell Antonia Bird
11%
Girlfriends, It’s My Turn Claudia Weill
11%
Obvious Child, Landline Gillian Robespierre
11%
Kung Fu Panda, The Darkest Minds Jennifer Yuh Nelson
11%
Chilly Scenes of Winter, Crossing Delancey Joan Micklin Silver
11%
The Lemon Sisters, Smooth Talk Joyce Chopra
11%
Titus, Frida, Across the Universe, The Tempest Julie Taymor
11%
Stripped to Kill, Poison Ivy, Nancy Drew and the Hidden Staircase Katt Shea
11%
Boys Don’t Cry, Stop-Loss, Carrie (2013) Kimberly Peirce
11%
Now and Then, The Proposition Lesli Linka Glatter
11%
Bachelorette, Sleeping with Other People Leslye Headland
11%
Your Sister’s Sister, Laggies, Sword of Trust Lynn Shelton
11%
Novitiate, The Burial Maggie Betts
11%
I’m Your Man, She Said Maria Schrader
11%
The Diary of a Teenage Girl, Can You Ever Forgive Me? Marielle Heller
11%
Valley Girl, Real Genius, Rambling Rose, The Prince & Me Martha Coolidge
11%
The Fallout, My Old Ass Megan Park
11%
The Sleepwalker, The World to Come Mona Fastvold
11%
Dogfight, Household Saints, The 24 Hour Woman Nancy Savoca
11%
Real Women Have Curves, El Regalo Patricia Cardoso
11%
Bridget Jones’s Diary, Incendiary, Godmothered Sharon Maguire
11%
Antonia and Jane, To Wong Foo, Thanks for Everything! Julie Newmar Beeban Kidron
7%
Divine Secrets of the Ya-Ya Sisterhood, Respect Callie Khouri
7%
Sam & Me, Camilla, Water, Midnight’s Children Deepa Mehta
7%
Pariah, Mudbound, The Last Thing He Wanted Dee Rees
7%
The Runaways, The Turning Floria Sigismondi
7%
Blackfish, Megan Leavey, Our Friend Gabriella Cowperthwaite
7%
Stephanie Daley, Innocence, South Mountain Hilary Brougher
7%
How to Make an American Quilt, The Dressmaker Jocelyn Moorhouse
7%
Eve’s Bayou, The Caveman’s Valentine, Talk to Me, Harriet Kasi Lemmons
7%
Honeymoon, Fear Street movies Leigh Janiak
7%
Lovely & Amazing, Enough Said, You Hurt My Feelings Nicole Holofcener
7%
Children of a Lesser God, Wrestling Ernest Hemingway Randa Haines
7%
The Heiresses, Diary for My Lovers Márta Mészáros
4%
Siesta, Pet Sematary (1989), Grand Isle Mary Lambert
4%
No matching quizzes found
Score Distribution
Percent of People with Each Score
Percentile by Number Answered
Your Score History
You have not taken this quiz since the last reset